Wymień wykonawców piosenek Eurowizji - Statystyki

Ogólne statystyki
  • Ten quiz został rozwiązany 23 razy
  • Średni wynik to 18 z 26
Statystyki odpowiedzi
Państwo Wykonawca % Poprawnych
Polska Justyna Steczkowska
100%
Austria JJ
95%
Finlandia Erika Vikman
90%
Szwecja Kaj
90%
Norwegia Kyle Alessandro
80%
Hiszpania Melody
80%
Grecja Klavdia
75%
Wielka Brytania Remember Monday
75%
Dania Sissal
75%
Estonia Tommy Cash
75%
Islandia Væb
75%
Niemcy Abor & Tynna
70%
Holandia Claude
70%
San Marino Gabry Ponte
70%
Ukraina Ziferblat
70%
Włochy Lucio Corsi
65%
Malta Miriana Conte
65%
Portugalia Napa
65%
Armenia Parg
65%
Szwajcaria Zoë Më
65%
Francja: Louane
60%
Luksemburg Laura Thorn
55%
Albania Shkodra Elektronike
55%
Łotwa Tautumeitas
55%
Izrael Yuval Raphael
35%
Litwa Katharsis
30%
Nie znaleziono quizów pasujących do podanych kryteriów
Rozkład punktacji
Procent ludzi z każdym wynikiem
Percentyl według liczby udzielonych odpowiedzi
Twoja historia wyników
Nie rozwiązałeś tego quizu